English Proverbs and Sayings

Uložené v:
Podrobná bibliografia
Hlavný autor: Kurdelová, Ľubica
Médium: Kapitola
Jazyk:English
Predmet:
Tagy: Pridať tag
Žiadne tagy, Buďte prvý, kto otaguje tento záznam!

MARC

LEADER 00000nla a2200000 4500
001 0241360
005 20240502073929.6
041 0 |a eng 
044 |a SK 
245 1 0 |a English Proverbs and Sayings  |c Ľubica Kurdelová 
610 2 0 |a jazyky cudzie 
610 2 0 |a jazykoveda 
610 2 0 |a angličtina 
610 2 0 |a kultúra 
100 1 |a Kurdelová, Ľubica